| 000 | 00633nam a2200205 a 4500 | ||
|---|---|---|---|
| 005 | 20251026063919.0 | ||
| 008 | 991125s1973 mx 000 0 spa u | ||
| 020 | _a9682301769 | ||
| 035 | _aUPN01000016977 | ||
| 049 | _aCG | ||
| 050 | 4 |
_aHD6477 _bE2.68 |
|
| 245 | 0 | 0 |
_aEconomía y política en la acción sindical / _cSerge Mallet ... [et al.] ; tr. María Teresa Poyrazián. |
| 260 |
_aMéxico : _bSiglo XXI, _c1973. |
||
| 300 | _a113 p. | ||
| 440 | 0 |
_aCuadernos de pasado y presente ; _v44 |
|
| 650 | 2 |
_aSindicalismo _925473 |
|
| 650 | 4 |
_aSINDICATOS - _xACTIVIDAD POLITICA |
|
| 700 | 1 |
_aMallet, Serge, _ecoaut. |
|
| 905 | _aLibro | ||
| 999 |
_c16977 _d16977 |
||